000
00224nam a2200097Ia 4500
005
20251222113744.0
008
251222s1900||||xx |||||||||||||| ||spa||
082
_a
DVD0070/H29/2011
245
4
_a
The artist:El artista
942
_c
DVD
999
_c
735
_d
735